[Event "65th POL-ch (Women)"]
[Site "Chorzow POL"]
[Date "2013.04.13"]
[Round "1"]
[White "Gasik, Anna"]
[Black "Szczepkowska-Horowska, Karina"]
[Result "0-1"]
[WhiteElo "2238"]
[BlackElo "2360"]
[EventDate "2013.04.13"]
[PlyCount "50"]

1.e4 e5 2.Nf3 Nc6 3.Bb5 a6 4.Ba4 Nf6 5.O-O Be7 6.Re1 b5 7.Bb3 O-O 8.h3 Bb7
9.d3 Re8 10.Ng5 d5 11.exd5 Nd4 12.Nc3 Nxb3 13.axb3 b4 14.Na4 Qxd5 15.Qf3 
Qb5 16.Qg3 Bd6 17.Ne4 Nxe4 18.dxe4 Re6 19.f3 Rf8 20.Be3 Rg6 21.Qh4 f5 22.
Bd2 fxe4 23.Rxe4 Rxf3 24.Bxb4 Bxb4 25.Rxb4 Rxg2+ 0-1

[Event "65th POL-ch (Women)"]
[Site "Chorzow POL"]
[Date "2013.04.13"]
[Round "1"]
[White "Iwanow, Anna"]
[Black "Matras-Clement, Agnieszka"]
[Result "0-1"]
[WhiteElo "2209"]
[BlackElo "2274"]
[EventDate "2013.04.13"]
[PlyCount "92"]

1.e4 e5 2.Nf3 Nc6 3.d4 exd4 4.Nxd4 Bc5 5.Nb3 Bb6 6.Nc3 d6 7.Qe2 Be6 8.Be3 
Nf6 9.O-O-O O-O 10.h3 Re8 11.Bxb6 axb6 12.g4 Bxb3 13.cxb3 Qe7 14.Bg2 d5 
15.Kb1 d4 16.Nb5 Qe5 17.Rhe1 d3 18.Qxd3 Rxa2 19.Qc3 Qxb5 20.Kxa2 Nb4+ 21.
Kb1 Qa5 22.Rd4 Qa2+ 23.Kc1 Nfd5 24.Rxd5 Nxd5 25.Qd2 Re6 26.Kd1 Qxb3+ 27.
Ke2 Qb5+ 28.Kf3 Nf6 29.Kg3 Rd6 30.Qf4 g5 31.Qf5 Qxf5 32.gxf5 Rd3+ 33.Kh2 
Rd2 34.e5 Nd5 35.e6 fxe6 36.fxe6 Ne7 37.Kg3 Rxb2 38.Bxb7 Kg7 39.Bf3 Kf6 
40.Rc1 Nf5+ 41.Kg2 Nh4+ 42.Kg3 Rb3 43.Rxc7 Rxf3+ 44.Kg4 Rf4+ 45.Kg3 Nf5+ 
46.Kg2 Ne7 0-1

[Event "65th POL-ch (Women)"]
[Site "Chorzow POL"]
[Date "2013.04.13"]
[Round "1"]
[White "Rajlich, Iweta"]
[Black "Worek, Joanna"]
[Result "1-0"]
[WhiteElo "2406"]
[BlackElo "2312"]
[EventDate "2013.04.13"]
[PlyCount "75"]

1.d4 d5 2.Nf3 Nf6 3.e3 e6 4.Bd3 Be7 5.O-O O-O 6.Nbd2 b6 7.Ne5 c5 8.b3 Bb7 
9.Bb2 Nc6 10.Nxc6 Bxc6 11.Qf3 a5 12.Qh3 h6 13.a4 Rc8 14.dxc5 bxc5 15.Rad1 
Qb6 16.g4 Ne8 17.Ba3 Nd6 18.f4 f5 19.c4 dxc4 20.bxc4 Ba8 21.Qg3 Qc6 22.Kf2
Qxa4 23.Bb2 Bf6 24.Bxf6 Rxf6 25.g5 Rf7 26.gxh6 Rcc7 27.Rg1 Ne8 28.Qh4 Rcd7
29.hxg7 Nxg7 30.Nf3 Bxf3 31.Kxf3 Qb3 32.Rb1 Qxd3 33.Rb8+ Rf8 34.Rxf8+ Kxf8
35.Qh8+ Ke7 36.Rxg7+ Kd6 37.Qb8+ Kc6 38.Qb5+ 1-0

[Event "65th POL-ch (Women)"]
[Site "Chorzow POL"]
[Date "2013.04.13"]
[Round "1"]
[White "Zawadzka, Jolanta"]
[Black "Socko, Monika"]
[Result "1/2-1/2"]
[WhiteElo "2376"]
[BlackElo "2451"]
[EventDate "2013.04.13"]
[PlyCount "93"]

1.e4 e5 2.Nf3 Nf6 3.Nxe5 d6 4.Nf3 Nxe4 5.d4 d5 6.Bd3 Nd6 7.O-O Be7 8.Nc3 
c6 9.Ne5 Be6 10.Re1 Nd7 11.Qf3 Nf6 12.Ne2 O-O 13.Nf4 Qc8 14.Nxe6 fxe6 15.
Qh3 Nf5 16.Bg5 c5 17.c4 dxc4 18.Bxc4 Nd5 19.Bxe7 Nfxe7 20.dxc5 Rf5 21.Bxd5
Nxd5 22.Rac1 Qc7 23.Nd3 Raf8 24.Rxe6 Nf4 25.Nxf4 Qxf4 26.Rf1 Rxc5 27.Re2 
Kh8 28.Qe6 h6 29.h3 Rg5 30.Re3 Rd8 31.Kh1 Rgd5 32.Qg6 R5d6 33.Re8+ Rxe8 
34.Qxe8+ Kh7 35.Qb5 b6 36.Kg1 Rd2 37.g3 Qf6 38.Qa4 Rxb2 39.Qxa7 Qe6 40.a4 
Qxh3 41.Qe7 Qg4 42.Qe5 Rd2 43.Re1 Rd1 44.Rxd1 Qxd1+ 45.Kg2 Qxa4 46.Qf5+ 
Kh8 47.Qf8+ 1/2-1/2

[Event "65th POL-ch (Women)"]
[Site "Chorzow POL"]
[Date "2013.04.14"]
[Round "2"]
[White "Matras-Clement, Agnieszka"]
[Black "Zawadzka, Jolanta"]
[Result "1/2-1/2"]
[WhiteElo "2274"]
[BlackElo "2376"]
[EventDate "2013.04.13"]
[PlyCount "48"]

1.e4 c5 2.b3 d6 3.Bb2 Nc6 4.Bb5 Bd7 5.f4 a6 6.Bxc6 Bxc6 7.d3 e6 8.Nf3 Nf6 
9.O-O Be7 10.Nbd2 O-O 11.Qe1 h6 12.Qg3 Ne8 13.Rae1 b5 14.Qh3 f5 15.exf5 
exf5 16.Re6 Bf6 17.Bxf6 Rxf6 18.Rfe1 Nc7 19.R6e2 Nd5 20.Qg3 Nc3 21.Re7 Rf7
22.R7e6 Rf6 23.Re7 Rf7 24.R7e6 Rf6 1/2-1/2

[Event "65th POL-ch (Women)"]
[Site "Chorzow POL"]
[Date "2013.04.14"]
[Round "2"]
[White "Przezdziecka, Marta"]
[Black "Gasik, Anna"]
[Result "1-0"]
[WhiteElo "2286"]
[BlackElo "2238"]
[EventDate "2013.04.13"]
[PlyCount "129"]

1.d4 g6 2.Nf3 Bg7 3.c4 c6 4.Nc3 Nf6 5.e3 d5 6.h3 O-O 7.Bd3 b6 8.O-O Bf5 9.
b3 dxc4 10.Bxf5 gxf5 11.bxc4 Ne4 12.Nxe4 fxe4 13.Ng5 h6 14.Nxe4 c5 15.Ng3 
e6 16.Nh5 cxd4 17.Nxg7 Kxg7 18.exd4 Qh4 19.Kh2 Nd7 20.Bb2 Rfd8 21.Qf3 Rac8
22.Rac1 Qf6 23.Qe2 Kh7 24.f4 Qg6 25.Qf3 Rg8 26.f5 exf5 27.Qxf5 Qxf5 28.
Rxf5 Kg6 29.Rf3 f6 30.c5 bxc5 31.dxc5 Rxc5 32.Rxc5 Nxc5 33.Rxf6+ Kg5 34.
Rc6 Nd3 35.Bd4 Re8 36.Rc3 Nb4 37.a3 Nd5 38.Rc5 Rd8 39.Ra5 Kf5 40.Rxa7 Ke4 
41.Bg7 h5 42.Ra4+ Kf5 43.Bh6 Rd6 44.Bd2 Rc6 45.Rd4 Nf6 46.Rf4+ Ke5 47.Rh4 
Kf5 48.Bb4 Kg6 49.Rd4 Kf5 50.Rd3 Rc2 51.Rf3+ Ke6 52.Rc3 Ra2 53.Rc6+ Kf7 
54.Rc5 Kg6 55.Re5 Nd7 56.Rd5 Nf6 57.Rd2 Ra1 58.Rd6 Rc1 59.a4 Kf5 60.a5 Rc4
61.Rb6 Nd5 62.Rb5 Ke4 63.a6 Nc7 64.a7 Kd4 65.Rb7 1-0

[Event "65th POL-ch (Women)"]
[Site "Chorzow POL"]
[Date "2013.04.14"]
[Round "2"]
[White "Socko, Monika"]
[Black "Majdan-Gajewska, Joanna"]
[Result "1/2-1/2"]
[WhiteElo "2451"]
[BlackElo "2383"]
[EventDate "2013.04.13"]
[PlyCount "79"]

1.c4 Nf6 2.Nc3 d6 3.g3 c5 4.Bg2 g6 5.Nf3 Nc6 6.d4 Bg4 7.dxc5 dxc5 8.Be3 
Nd7 9.h3 Bxf3 10.Bxf3 Bg7 11.O-O Qc8 12.Qa4 O-O 13.Bg2 Nb6 14.Qb5 Nd4 15.
Bxd4 cxd4 16.Nd5 Qxc4 17.Qxc4 Nxc4 18.Rac1 Nxb2 19.Nxe7+ Kh8 20.Bxb7 Rad8 
21.Bf3 Rd7 22.Nd5 Na4 23.Rfd1 Rfd8 24.Rc6 Rxd5 25.Bxd5 Nc3 26.Bb3 Nxd1 27.
Bxd1 Be5 28.Bb3 Rd7 29.f4 Bc7 30.Kg2 Bb6 31.Bc4 Kg7 32.g4 Rc7 33.Rxc7 Bxc7
34.Kf3 f5 35.gxf5 gxf5 36.Be6 Kf6 37.Bc8 Bd6 38.Bd7 Bc7 39.Bc8 Bd6 40.Bd7 
1/2-1/2

[Event "65th POL-ch (Women)"]
[Site "Chorzow POL"]
[Date "2013.04.15"]
[Round "3"]
[White "Iwanow, Anna"]
[Black "Worek, Joanna"]
[Result "0-1"]
[WhiteElo "2209"]
[BlackElo "2312"]
[EventDate "2013.04.13"]
[PlyCount "102"]

1.e4 c5 2.Nf3 d6 3.d4 cxd4 4.Nxd4 Nf6 5.Nc3 a6 6.Bg5 e6 7.f4 h6 8.Bh4 Qb6 
9.a3 Nc6 10.Bf2 Qc7 11.Nb3 b5 12.Be2 Bb7 13.Bf3 Be7 14.Qe2 Rc8 15.g4 Na5 
16.Nxa5 Qxa5 17.O-O Rxc3 18.bxc3 Qxc3 19.a4 b4 20.Rab1 d5 21.Rb3 Qc7 22.
exd5 Nxd5 23.Qe4 O-O 24.g5 hxg5 25.fxg5 Bxg5 26.Bg2 Ba8 27.Qg4 Bh6 28.Bd4 
e5 29.Bxd5 Bxd5 30.Be3 Bxb3 31.Bxh6 Qb6+ 32.Rf2 Qxh6 33.cxb3 Qc1+ 34.Kg2 
Qc6+ 35.Kg1 a5 36.Rg2 Qc1+ 37.Kf2 g6 38.Qe4 Qc5+ 39.Kf1 Qd6 40.Re2 Re8 41.
h4 Qd1+ 42.Kf2 Qxb3 43.h5 Qe6 44.hxg6 Qxg6 45.Qd5 Qf5+ 46.Kg1 Re6 47.Rg2+ 
Rg6 48.Qd8+ Kh7 49.Qxa5 Qb1+ 50.Kh2 Rh6+ 51.Kg3 Qe1+ 0-1

[Event "65th POL-ch (Women)"]
[Site "Chorzow POL"]
[Date "2013.04.15"]
[Round "3"]
[White "Zawadzka, Jolanta"]
[Black "Rajlich, Iweta"]
[Result "1/2-1/2"]
[WhiteElo "2376"]
[BlackElo "2406"]
[EventDate "2013.04.13"]
[PlyCount "163"]

1.e4 e6 2.d4 d5 3.Nc3 Bb4 4.e5 c5 5.Bd2 Ne7 6.a3 Bxc3 7.Bxc3 b6 8.Bb5+ Bd7
9.Bd3 a6 10.Qg4 cxd4 11.Bb4 g6 12.Nf3 Nbc6 13.Bd2 Qc7 14.Qf4 h6 15.h4 a5 
16.O-O O-O-O 17.b4 a4 18.b5 Na7 19.Nxd4 g5 20.Qxf7 Rde8 21.Nxe6 Bxe6 22.
Qxe6+ Kb8 23.Bb4 Nec6 24.Qxe8+ Rxe8 25.Bd6 Nxe5 26.Bxc7+ Kxc7 27.Rfe1 Kd6 
28.Re3 Rf8 29.hxg5 hxg5 30.Be2 Rc8 31.Re1 Nc4 32.Rh3 Re8 33.Rd3 Re4 34.Kf1
Nxb5 35.Red1 Re5 36.Bf3 d4 37.c3 Nb2 38.Rxd4+ Nxd4 39.Rxd4+ Kc5 40.Be2 b5 
41.Bxb5 Kxb5 42.Rb4+ Ka5 43.Rxb2 Rc5 44.Re2 Rxc3 45.Re3 Rb3 46.Ke2 Kb5 47.
Kd2 Rb2+ 48.Kc3 Rxf2 49.Re5+ Kb6 50.Rxg5 Rf4 51.Rg3 Kc5 52.Rf3 Rc4+ 53.Kd2
Rg4 54.g3 Re4 55.Kd3 Rg4 56.Ke3 Kd5 57.Kf2 Ke5 58.Rc3 Kf5 59.Kf3 Rd4 60.
Re3 Rc4 61.Rd3 Ke5 62.g4 Kf6 63.Kg3 Kg5 64.Rd5+ Kg6 65.Kh4 Rc3 66.Rd6+ Kg7
67.Kh5 Rxa3 68.Rd7+ Kg8 69.Kg6 Rf3 70.Rg7+ Kh8 71.Ra7 Rf8 72.g5 a3 73.Rxa3
Kg8 74.Ra6 Rb8 75.Kh6 Rc8 76.Rg6+ Kh8 77.Rb6 Kg8 78.Rb7 Rc6+ 79.g6 Rc8 80.
Rg7+ Kh8 81.Rh7+ Kg8 82.Rg7+ 1/2-1/2

[Event "65th POL-ch (Women)"]
[Site "Chorzow POL"]
[Date "2013.04.16"]
[Round "4"]
[White "Iwanow, Anna"]
[Black "Zawadzka, Jolanta"]
[Result "0-1"]
[WhiteElo "2209"]
[BlackElo "2376"]
[EventDate "2013.04.13"]
[PlyCount "80"]

1.e4 e5 2.Nf3 Nc6 3.Bb5 a6 4.Ba4 Nf6 5.Bxc6 dxc6 6.d3 Nd7 7.Nbd2 Bd6 8.Nc4
O-O 9.Bd2 Re8 10.h4 Nf8 11.h5 c5 12.Nh4 Ne6 13.Ne3 Bf8 14.Nef5 Nd4 15.g4 
b5 16.c3 Ne6 17.Qf3 c4 18.dxc4 Nc5 19.g5 Qd3 20.Qxd3 Nxd3+ 21.Ke2 Nxb2 22.
cxb5 axb5 23.g6 Be6 24.gxh7+ Kxh7 25.Rhb1 Bxa2 26.Rg1 Red8 27.Be3 Bc4+ 28.
Kf3 Rxa1 29.Rxa1 Na4 30.Kg2 Nxc3 31.Ra7 Nxe4 32.Rxc7 Nf6 33.Bg5 Bd5+ 34.
Kg1 b4 35.h6 b3 36.Bc1 gxh6 37.Bb2 Nd7 38.Ne3 Be6 39.Nf3 Bg7 40.Nd2 Nb6 
0-1

[Event "65th POL-ch (Women)"]
[Site "Chorzow POL"]
[Date "2013.04.16"]
[Round "4"]
[White "Matras-Clement, Agnieszka"]
[Black "Gasik, Anna"]
[Result "1-0"]
[WhiteElo "2274"]
[BlackElo "2238"]
[EventDate "2013.04.13"]
[PlyCount "63"]

1.e4 g6 2.d4 Bg7 3.c3 c6 4.Bd3 d5 5.Nd2 Nd7 6.exd5 cxd5 7.Ngf3 Ngf6 8.O-O 
O-O 9.Re1 Nb6 10.Ne5 Be6 11.Ndf3 Qc8 12.a4 Bf5 13.a5 Bxd3 14.Nxd3 Nc4 15.
Rxe7 Nxa5 16.Bf4 Qd8 17.Re1 Nc4 18.Nfe5 Nh5 19.Bc1 a6 20.Qf3 Qd6 21.b3 
Nxe5 22.dxe5 Qc6 23.Nb4 Qc5 24.g4 a5 25.Nxd5 Rfd8 26.c4 Bxe5 27.Rxe5 Qd4 
28.Qc3 Qxg4+ 29.Kh1 f6 30.Re1 Re8 31.Bb2 Kf7 32.Nxf6 1-0

[Event "65th POL-ch (Women)"]
[Site "Chorzow POL"]
[Date "2013.04.16"]
[Round "4"]
[White "Rajlich, Iweta"]
[Black "Majdan-Gajewska, Joanna"]
[Result "0-1"]
[WhiteElo "2406"]
[BlackElo "2383"]
[EventDate "2013.04.13"]
[PlyCount "150"]

1.Nf3 Nf6 2.c4 d6 3.d4 Bf5 4.Nc3 g6 5.Qb3 b6 6.g3 Nc6 7.Bg2 Bg7 8.Qa4 Bd7 
9.Qd1 O-O 10.O-O Qc8 11.Nd5 Re8 12.Be3 Ng4 13.Bg5 e6 14.Nc3 h6 15.Bd2 e5 
16.d5 Na5 17.e4 Nxc4 18.Qe2 Nxd2 19.Nxd2 c5 20.dxc6 Qxc6 21.Nd5 Rac8 22.
Nb3 Be6 23.Rfd1 Nf6 24.Nxf6+ Bxf6 25.Qd2 Qc2 26.Qxh6 Qxb2 27.Bh3 Bg7 28.
Qh4 Qe2 29.Rd2 Qf3 30.Bg2 Qc3 31.Rad1 Bf8 32.Bh3 Qb4 33.Bxe6 Rxe6 34.Re2 
Rc4 35.Rde1 Be7 36.Qh6 Rc2 37.Qe3 Rc3 38.Qd2 Qc4 39.h4 Rf6 40.Qd1 Bf8 41.
Re3 Bh6 42.Rxc3 Qxc3 43.Kg2 a5 44.a4 Qb4 45.Na1 Re6 46.Re2 Re8 47.Qc2 Qd4 
48.Qc6 Re6 49.Nb3 Qb4 50.Na1 Qa3 51.Nc2 Qd3 52.Qb5 Qxb5 53.axb5 Re8 54.Na3
Rc8 55.Rc2 Rxc2 56.Nxc2 Bc1 57.Kf1 a4 58.Ke2 Bb2 59.Kd3 a3 60.Nb4 Bd4 61.
f3 Bc5 62.Na2 Bf2 63.g4 Bxh4 64.Kc4 Bf2 65.Kb3 Bc5 66.Nc3 Kg7 67.Nd5 Kh6 
68.Kc2 Kg5 69.Kb3 Kh4 70.f4 exf4 71.Nxf4 Kxg4 72.Nd3 Kf3 73.e5 Ke4 74.Kc3 
a2 75.Nxc5+ dxc5 0-1

[Event "65th POL-ch (Women)"]
[Site "Chorzow POL"]
[Date "2013.04.16"]
[Round "4"]
[White "Socko, Monika"]
[Black "Szczepkowska-Horowska, Karina"]
[Result "1/2-1/2"]
[WhiteElo "2451"]
[BlackElo "2360"]
[EventDate "2013.04.13"]
[PlyCount "175"]

1.e4 e5 2.Nf3 Nc6 3.Bc4 Nf6 4.Ng5 d5 5.exd5 Na5 6.Bb5+ c6 7.dxc6 bxc6 8.
Qf3 Bd7 9.Bd3 h6 10.Ne4 Nd5 11.b3 Nf4 12.Bb2 Qc7 13.O-O Be7 14.Re1 O-O 15.
Ng3 Bf6 16.Nc3 g6 17.Ba3 Rfe8 18.Nge4 Bg7 19.Nc5 Rad8 20.Nxd7 Qxd7 21.Ba6 
f5 22.b4 Nb7 23.b5 Na5 24.bxc6 Nxc6 25.Bc5 Nd4 26.Bxd4 Qxd4 27.Rad1 Qc5 
28.Bb7 Re7 29.Qc6 Qxc6 30.Bxc6 e4 31.Ne2 Nxe2+ 32.Rxe2 Rd4 33.c4 Rd3 34.
Bd5+ Kh7 35.Kf1 Bf6 36.Rb1 Ra3 37.f3 Rxa2 38.fxe4 Bg5 39.d3 Rxe2 40.Kxe2 
Bf6 41.Ke3 fxe4 42.Bxe4 Rd7 43.Rb5 Bd4+ 44.Ke2 Kg7 45.Ra5 Bb6 46.Ra6 Rd6 
47.h3 Kf6 48.Ra1 Ke5 49.Rb1 Kd4 50.Kd2 g5 51.Rf1 Bc5 52.Rf8 Ra6 53.Rd8+ 
Rd6 54.Re8 Rb6 55.Kc2 Ba3 56.Rd8+ Rd6 57.Ra8 Rb6 58.Rxa7 Rb2+ 59.Kc1 Rb3+ 
60.Kd1 Rb1+ 61.Ke2 Bb4 62.Kf3 h5 63.Rd7+ Kc3 64.Bg6 Rf1+ 65.Ke2 Rg1 66.Kf3
Rf1+ 67.Kg3 Rd1 68.Bxh5 Rxd3+ 69.Rxd3+ Kxd3 70.Bf7 Ke4 71.Kg4 Be7 72.g3 
Ke5 73.Bd5 Bd8 74.Bf3 Kd4 75.Be2 Ke3 76.Bf1 Kf2 77.h4 gxh4 78.gxh4 Ke3 79.
c5 Kd4 80.c6 Kd5 81.Bg2+ Ke6 82.Kh5 Kf7 83.Kh6 Kg8 84.Kg6 Kh8 85.Kf7 Bc7 
86.Be4 Bf4 87.Ke6 Bc7 88.Kd7 1/2-1/2

[Event "65th POL-ch (Women)"]
[Site "Chorzow POL"]
[Date "2013.04.17"]
[Round "5"]
[White "Majdan-Gajewska, Joanna"]
[Black "Iwanow, Anna"]
[Result "0-1"]
[WhiteElo "2383"]
[BlackElo "2209"]
[EventDate "2013.04.13"]
[PlyCount "178"]

1.g3 Nf6 2.Bg2 d5 3.c4 d4 4.Nf3 Nc6 5.O-O e5 6.d3 a5 7.e3 Be7 8.exd4 exd4 
9.Na3 Bxa3 10.bxa3 O-O 11.Rb1 Rb8 12.Rb5 b6 13.Bg5 h6 14.Bh4 Qd6 15.Qc1 
Bd7 16.c5 bxc5 17.Rxc5 Nd5 18.Qc4 Nc3 19.Re1 Rfe8 20.Rxe8+ Bxe8 21.Bh3 g5 
22.Bxg5 hxg5 23.Rxg5+ Kf8 24.Rh5 Ne7 25.Ne5 Ned5 26.Bg4 f6 27.Rf5 Kg7 28.
Qxd4 c5 29.Qc4 fxe5 30.Bf3 Bg6 31.Rg5 Qf6 32.Qg4 Rb1+ 33.Kg2 Rb2 34.Qd7+ 
Qe7 35.Qxe7+ Nxe7 36.Rxe5 Nf5 37.Bg4 Kf6 38.Rxc5 Ne3+ 39.Kh3 Nxg4 40.Kxg4 
Nd1 41.Rxa5 Nxf2+ 42.Kf3 Nxd3 43.Ra6+ Kf5 44.g4+ Kg5 45.Kg3 Kh6 46.h4 Nc5 
47.Ra7 Rxa2 48.h5 Be4 49.Rf7 Nd3 50.Kh4 Rh2+ 51.Kg3 Rh1 52.Re7 Rg1+ 53.Kh4
Rh1+ 54.Kg3 Rg1+ 55.Kh4 Bd5 56.Ra7 Nf4 57.a4 Be6 58.g5+ Rxg5 59.Rh7+ Kxh7 
60.Kxg5 Nd5 61.a5 Bc8 62.h6 Nb4 63.Kf6 Nc6 64.Kf7 Nxa5 65.Kf6 Nc6 66.Kf7 
Bd7 67.Kf6 Kxh6 68.Kf7 Kg5 69.Kg7 Ne5 70.Kg8 Kg6 71.Kf8 Kf6 72.Kg8 Bf5 73.
Kf8 Nf7 74.Kg8 Be4 75.Kf8 Bh7 76.Ke8 Ne5 77.Kf8 Nd7+ 78.Ke8 Ke6 79.Kd8 Kd6
80.Ke8 Bg6+ 81.Kd8 Nc5 82.Kc8 Bh5 83.Kd8 Nb7+ 84.Kc8 Kc6 85.Kb8 Kb6 86.Kc8
Bg4+ 87.Kb8 Nc5 88.Ka8 Bf5 89.Kb8 Na6+ 0-1

[Event "65th POL-ch (Women)"]
[Site "Chorzow POL"]
[Date "2013.04.17"]
[Round "5"]
[White "Przezdziecka, Marta"]
[Black "Socko, Monika"]
[Result "1/2-1/2"]
[WhiteElo "2286"]
[BlackElo "2451"]
[EventDate "2013.04.13"]
[PlyCount "128"]

1.Nf3 Nf6 2.c4 g6 3.Nc3 Bg7 4.d4 d6 5.Bg5 h6 6.Bh4 g5 7.Bg3 Nh5 8.e3 c5 9.
d5 Na6 10.Be2 Qb6 11.Qd2 Bf5 12.O-O Nxg3 13.fxg3 Bg6 14.Ne1 O-O-O 15.Nb5 
Rdf8 16.Bd3 Kb8 17.a3 h5 18.Rb1 h4 19.g4 h3 20.g3 Qd8 21.Bf5 Bxf5 22.gxf5 
Qd7 23.Nd3 Rc8 24.Qe2 Nc7 25.Nxc7 Qxc7 26.Qg4 Qb6 27.Qd1 Ka8 28.Nf2 e6 29.
Ng4 exf5 30.Rxf5 Qc7 31.Qf3 f6 32.Nxf6 Bxf6 33.Rxf6 Rce8 34.Rf1 Qb6 35.Qf2
a6 36.Qd2 Qb3 37.Qc3 Qxc3 38.bxc3 Rxe3 39.R1f3 Rhe8 40.Rxe3 Rxe3 41.Rxd6 
Rxc3 42.Rg6 Rxc4 43.Rxg5 Rd4 44.Kf2 Rd3 45.a4 Kb8 46.Ke2 c4 47.a5 Kc7 48.
Rg4 Rxd5 49.Rxc4+ Kd6 50.Ra4 Rb5 51.Ra2 Rb3 52.Kf2 Ke5 53.Re2+ Kf5 54.Ra2 
Kg5 55.Ke2 Kg4 56.Kf2 Kf5 57.Ke2 Rb1 58.Kf3 Rf1+ 59.Ke3 Kg5 60.Ke2 Rh1 61.
Ke3 Kf5 62.Kf3 Rf1+ 63.Ke2 Rg1 64.Kf3 Rf1+ 1/2-1/2

[Event "65th POL-ch (Women)"]
[Site "Chorzow POL"]
[Date "2013.04.17"]
[Round "5"]
[White "Szczepkowska-Horowska, Karina"]
[Black "Matras-Clement, Agnieszka"]
[Result "1-0"]
[WhiteElo "2360"]
[BlackElo "2274"]
[EventDate "2013.04.13"]
[PlyCount "73"]

1.e4 b6 2.Nc3 Bb7 3.Nf3 e6 4.d4 Nf6 5.e5 Ne4 6.Nxe4 Bxe4 7.Ng5 Bb7 8.Qh5 
g6 9.Qg4 d5 10.h4 h5 11.Qf4 Qe7 12.Rh3 Bh6 13.a4 Nc6 14.Bd2 Nb4 15.Kd1 
O-O-O 16.a5 Rhf8 17.Rf3 Nc6 18.axb6 cxb6 19.Ra4 Rd7 20.Bb5 Rfd8 21.Qg3 Qe8
22.Nxf7 Rxf7 23.Bxh6 Rxf3 24.Qxf3 Kb8 25.Bg5 Rc8 26.Qa3 Qf8 27.Qd6+ Qxd6 
28.exd6 Rg8 29.d7 a6 30.Bf4+ e5 31.dxe5 Kc7 32.e6+ Kd8 33.Bxc6 Bxc6 34.
Bg5+ Kc7 35.d8=Q+ Rxd8 36.Bxd8+ Kxd8 37.Rxa6 1-0

[Event "65th POL-ch (Women)"]
[Site "Chorzow POL"]
[Date "2013.04.17"]
[Round "5"]
[White "Zawadzka, Jolanta"]
[Black "Worek, Joanna"]
[Result "1-0"]
[WhiteElo "2376"]
[BlackElo "2312"]
[EventDate "2013.04.13"]
[PlyCount "91"]

1.e4 e5 2.Nf3 Nc6 3.Bb5 Nf6 4.O-O Nxe4 5.d4 Nd6 6.Bxc6 dxc6 7.dxe5 Nf5 8.
Qxd8+ Kxd8 9.Nc3 h5 10.b3 Be7 11.Ne4 Ke8 12.Re1 Be6 13.Bb2 Rd8 14.Rad1 b6 
15.h3 Rxd1 16.Rxd1 h4 17.Bc1 a5 18.a4 Rh5 19.Neg5 Bc8 20.Bf4 Be6 21.Rd3 c5
22.Nxe6 fxe6 23.Kh2 c6 24.g4 hxg3+ 25.fxg3 Rh8 26.g4 Nh6 27.Kg3 Nf7 28.g5 
Nd8 29.g6 c4 30.bxc4 Nb7 31.Rb3 Bd8 32.Be3 Nc5 33.Bxc5 bxc5 34.Rb7 Be7 35.
Rb8+ Bd8 36.Rb7 Be7 37.Rb8+ Bd8 38.Ng5 Kd7 39.Kg4 Re8 40.Nf7 Bc7 41.Rxe8 
Kxe8 42.h4 Kf8 43.h5 Bb8 44.Kg5 Bc7 45.h6 gxh6+ 46.Kf6 1-0

[Event "65th POL-ch (Women)"]
[Site "Chorzow POL"]
[Date "2013.04.18"]
[Round "6"]
[White "Matras-Clement, Agnieszka"]
[Black "Przezdziecka, Marta"]
[Result "0-1"]
[WhiteElo "2274"]
[BlackElo "2286"]
[EventDate "2013.04.13"]
[PlyCount "82"]

1.e4 g6 2.d4 Bg7 3.Nf3 d6 4.c3 Nf6 5.Bd3 O-O 6.O-O c5 7.Nbd2 cxd4 8.cxd4 
Nc6 9.Re1 a5 10.a4 Nb4 11.Bb1 b6 12.Ra3 Bb7 13.Nf1 Rc8 14.Ng3 Re8 15.h4 h5
16.Bg5 Ng4 17.Nh2 Qd7 18.Rf3 Rc4 19.Qb3 Rec8 20.Rd1 Qe8 21.Nxg4 hxg4 22.
Rf4 f6 23.Rxg4 fxg5 24.Rxg5 Qf7 25.e5 Nc2 26.h5 Nxd4 27.Qxb6 Nf3+ 28.gxf3 
Qxf3 29.Qxb7 Qxb7 30.Ba2 Qxb2 31.Bxc4+ Rxc4 32.Rxg6 Kh7 33.Nf5 Bxe5 34.
Rh6+ Kg8 35.Nxe7+ Kf7 36.Rh7+ Ke8 37.Ng6 Kd8 38.Nf8 Qc2 39.Re1 Rg4+ 40.Kf1
Qc4+ 41.Re2 Rh4 0-1

[Event "65th POL-ch (Women)"]
[Site "Chorzow POL"]
[Date "2013.04.18"]
[Round "6"]
[White "Worek, Joanna"]
[Black "Socko, Monika"]
[Result "1/2-1/2"]
[WhiteElo "2312"]
[BlackElo "2451"]
[EventDate "2013.04.13"]
[PlyCount "97"]

1.e4 e6 2.d4 d5 3.Nd2 Nf6 4.e5 Nfd7 5.f4 c5 6.c3 Nc6 7.Ndf3 Be7 8.Bd3 cxd4
9.cxd4 f5 10.a3 a5 11.b3 Nb6 12.Ne2 a4 13.b4 Bd7 14.Nc3 O-O 15.h3 Na7 16.
Bb2 Rc8 17.Rc1 Qe8 18.O-O Nc4 19.Qe2 Qh5 20.Nd1 Qh6 21.Bxc4 Rxc4 22.Rxc4 
Bb5 23.Nd2 dxc4 24.Nc3 Ba6 25.Qe3 Nb5 26.Ndb1 g5 27.Nxb5 Bxb5 28.Nc3 Bc6 
29.b5 gxf4 30.Qd2 Be4 31.Bc1 Bd3 32.Rf3 Rd8 33.Nxa4 Rxd4 34.Qf2 Rd8 35.
Bxf4 Qh5 36.Qb6 Qf7 37.Kh2 Be4 38.Rg3+ Kh8 39.Qc7 Rg8 40.Bg5 Rxg5 41.Rxg5 
Qf8 42.Rg3 Bh4 43.Rc3 Qg8 44.g4 Qg5 45.Qc8+ Kg7 46.Qd7+ Kf8 47.Qd6+ Kf7 
48.Qd7+ Kf8 49.Qd6+ 1/2-1/2

[Event "65th POL-ch (Women)"]
[Site "Chorzow POL"]
[Date "2013.04.18"]
[Round "6"]
[White "Zawadzka, Jolanta"]
[Black "Majdan-Gajewska, Joanna"]
[Result "1/2-1/2"]
[WhiteElo "2376"]
[BlackElo "2383"]
[EventDate "2013.04.13"]
[PlyCount "87"]

1.e4 e5 2.Nf3 Nc6 3.Bb5 a6 4.Ba4 Nge7 5.O-O g6 6.c3 Bg7 7.d4 exd4 8.cxd4 
b5 9.Bb3 O-O 10.Nc3 Na5 11.Bc2 d6 12.h3 c5 13.Bg5 h6 14.Bh4 g5 15.Bg3 Nc4 
16.b3 cxd4 17.bxc4 dxc3 18.Bxd6 bxc4 19.e5 Re8 20.Nd4 Bd7 21.f4 Nc6 22.
Nxc6 Bxc6 23.Qh5 Ra7 24.Rad1 Qb6+ 25.Kh2 Rd7 26.fxg5 Qe3 27.gxh6 Qxh6 28.
Qg4 Re6 29.Bf5 Rexd6 30.exd6 Rxd6 31.Be4 Bxe4 32.Qxe4 Qe6 33.Qxe6 Rxe6 34.
Rf2 Rb6 35.Rc1 Kf8 36.g3 Rb2 37.Rcc2 Ke7 38.Kg2 Kd6 39.Kf3 Kd5 40.Rc1 Rd2 
41.Rc2 Rd3+ 42.Ke2 Rxg3 43.Rxf7 Rxh3 44.Rxg7 1/2-1/2

[Event "65th POL-ch (Women)"]
[Site "Chorzow POL"]
[Date "2013.04.19"]
[Round "7"]
[White "Majdan-Gajewska, Joanna"]
[Black "Worek, Joanna"]
[Result "0-1"]
[WhiteElo "2383"]
[BlackElo "2312"]
[EventDate "2013.04.13"]
[PlyCount "106"]

1.e4 c5 2.Nf3 e6 3.d4 cxd4 4.Nxd4 Nf6 5.Nc3 d6 6.g3 Nc6 7.Nb3 Be7 8.Bg2 
O-O 9.O-O a6 10.Kh1 Bd7 11.a4 Na5 12.f4 Nc4 13.Qe2 Qc7 14.g4 Rfc8 15.g5 
Ne8 16.f5 Ne5 17.f6 Bf8 18.fxg7 Bxg7 19.Qh5 b5 20.Nd4 b4 21.Nce2 Bc6 22.
Nxc6 Qxc6 23.Nd4 Qc4 24.Be3 Ng6 25.Rad1 Bxd4 26.Rxd4 Qxc2 27.Rd2 Ng7 28.
Qf3 Qc7 29.Qd1 Rd8 30.Rf6 Rac8 31.Rdf2 Rd7 32.Bf1 Qc6 33.Qd3 a5 34.Qb1 
Qxa4 35.Ba6 Rf8 36.Rc2 Qb3 37.Qc1 d5 38.Bb5 Rdd8 39.Bc5 Rc8 40.Rff2 Rfd8 
41.Ba6 Ra8 42.Bb6 Rf8 43.Bb7 Rab8 44.Rc7 Qd3 45.Qc2 dxe4 46.Bc5 Ne8 47.
Bxf8 Nxc7 48.Bxe4 Qxc2 49.Rxc2 Kxf8 50.Rxc7 Rb5 51.Bxg6 hxg6 52.h4 a4 53.
Kg2 b3 0-1

[Event "65th POL-ch (Women)"]
[Site "Chorzow POL"]
[Date "2013.04.19"]
[Round "7"]
[White "Socko, Monika"]
[Black "Matras-Clement, Agnieszka"]
[Result "1/2-1/2"]
[WhiteElo "2451"]
[BlackElo "2274"]
[EventDate "2013.04.13"]
[PlyCount "152"]

1.e4 e5 2.Nf3 Nc6 3.Bc4 Bc5 4.c3 Nf6 5.d4 exd4 6.e5 d5 7.Be2 Ne4 8.cxd4 
Bb6 9.Nc3 O-O 10.O-O Bf5 11.Be3 f6 12.exf6 Nxf6 13.Rc1 Qd6 14.Re1 Rae8 15.
h3 Ne7 16.Nb5 Qd7 17.Bf4 a6 18.Ne5 Qd8 19.Nc3 Ng6 20.Bg3 c6 21.Bf3 Ba7 22.
Na4 Nxe5 23.dxe5 Ne4 24.Bxe4 Bxe4 25.Qb3 Qg5 26.Nc5 Bxc5 27.Rxc5 Rf7 28.
Rxe4 dxe4 29.e6 Rf5 30.Qxb7 e3 31.Qf7+ Rxf7 32.exf7+ Kxf7 33.Rxg5 e2 34.f3
e1=Q+ 35.Bxe1 Rxe1+ 36.Kh2 Re2 37.b4 Rxa2 38.Rc5 Ra4 39.Rxc6 Rxb4 40.Rxa6 
Rb2 41.Kg3 Rc2 42.f4 Rb2 43.Ra5 Kf6 44.Re5 Ra2 45.Kf3 Rb2 46.g4 Rb1 47.Kg3
Rg1+ 48.Kf2 Rh1 49.Kg2 Rb1 50.Ra5 Rb3 51.Ra6+ Kf7 52.g5 Rc3 53.h4 g6 54.
Rf6+ Kg7 55.Re6 Kf7 56.Re2 Ra3 57.Re1 Rb3 58.Rf1 Ke6 59.Rf3 Rb2+ 60.Kg3 
Kf5 61.Re3 Rb5 62.Ra3 Rc5 63.h5 gxh5 64.Ra7 Kg6 65.Ra6+ Kg7 66.Rh6 Rc3+ 
67.Kg2 Ra3 68.Rxh5 Kg6 69.Rh6+ Kf5 70.Rf6+ Kg4 71.Rf7 Ra2+ 72.Kg1 Kg3 73.
Kf1 Rf2+ 74.Ke1 Rxf4 75.Rxh7 Rg4 76.Rg7 Kf4 1/2-1/2

[Event "65th POL-ch (Women)"]
[Site "Chorzow POL"]
[Date "2013.04.19"]
[Round "7"]
[White "Szczepkowska-Horowska, Karina"]
[Black "Iwanow, Anna"]
[Result "1-0"]
[WhiteElo "2360"]
[BlackElo "2209"]
[EventDate "2013.04.13"]
[PlyCount "113"]

1.e4 e6 2.d4 d5 3.Nd2 Nf6 4.e5 Nfd7 5.Bd3 c5 6.c3 Nc6 7.Ne2 cxd4 8.cxd4 
Nb6 9.O-O Bd7 10.a3 a5 11.Nf3 a4 12.Ng3 h6 13.Be3 Na5 14.Nd2 Bc6 15.Rc1 
Nbc4 16.Rc2 g6 17.Ne2 Be7 18.Nf4 Bg5 19.Qf3 Qd7 20.Nh3 Be7 21.Nxc4 Nxc4 
22.Bc1 Qd8 23.Nf4 Ra5 24.Rd1 Bg5 25.Qg4 h5 26.Qg3 Bh4 27.Qh3 Be7 28.Ne2 
Qd7 29.Qf3 Rb5 30.Nc3 Rb3 31.Qe2 b5 32.Na2 Qa7 33.Be3 Qb7 34.Nc1 b4 35.
Bxc4 dxc4 36.Qxc4 Kd7 37.d5 Bxd5 38.Nxb3 axb3 39.Qxb3 Ra8 40.Rxd5+ exd5 
41.a4 Ra5 42.Rc1 Qa6 43.h3 Ke6 44.Rc7 Rxa4 45.Qc2 Ra1+ 46.Kh2 Qb5 47.Rc6+ 
Kd7 48.e6+ fxe6 49.Rc7+ Kd6 50.Bf4+ e5 51.Bxe5+ Kxe5 52.Rxe7+ Kf6 53.Qc7 
d4 54.Rf7+ Ke6 55.Qe7+ Kd5 56.Qg5+ Kc4 57.Rc7+ 1-0